000 00274nam a22001217a 4500
008 171012b xxu||||| |||| 00| 0 eng d
041 _aeng
080 _a316
100 _a50
101 _aSOC
245 _aTHE FORGING OF AMERICAN SOCIALISM
_cQUINT,H,H
942 _2udc
_cBK
999 _c33445
_d33445